000 00748nam a22001937a 4500
003 BD-DhUL
005 20180529143207.0
008 180529s1971 197 |||| |||| 000 0 ben d
040 _aBD-DhUL
_cBD-DhUL
082 _a891.443
_bSUK
100 1 _aসুনীল গঙ্গোপাধ্যায়
245 1 0 _aকালো রাস্তা সাদা বাড়ি /
_cসুনীল গঙ্গোপাধ্যায় /
260 _aকলিকাতা :
_bআনন্দ পাবলিশার্স,
_c১৯৭১ (১৯৭৮)।
300 _a৬৭ পৃ. ;
_c২০ সেমি.
365 _aRS
_b5.00
650 0 _aবাংলা উপন্যাস।
650 0 _aBengali Fiction.
942 _2ddc
_cBK
999 _c241713
_d241713